| 000 | 00552cam a2200193 4500500 | ||
|---|---|---|---|
| 005 | 20260329004620.0 | ||
| 041 | _afre | ||
| 042 | _adc | ||
| 100 | 1 | 0 |
_aN’Diaye, Aïda _eauthor |
| 245 | 0 | 0 | _aL’École de la vie |
| 260 | _c2020. | ||
| 500 | _a89 | ||
| 690 | _aClasse | ||
| 690 | _aÉcole | ||
| 690 | _aÉrotisme | ||
| 690 | _aMaxime Rovere | ||
| 786 | 0 | _nPhilosophie magazine | 142 | 9 | 2020-09-01 | p. 99-99 | 1951-1787 | |
| 856 | 4 | 1 | _uhttps://shs.cairn.info/magazine-philosophie-magazine-2020-9-page-99?lang=fr&redirect-ssocas=7080 |
| 999 |
_c1835669 _d1835669 |
||